| 000 | 00778nam a22002177a 4500 | ||
|---|---|---|---|
| 008 | 081008t xxu||||| |||| 00| 0 eng d | ||
| 010 | _aENG-91227 | ||
| 020 |
_a9788184550580 _c695.00 |
||
| 035 | _aEN-74760 | ||
| 037 | _bDBAD / PUB | ||
| 040 |
_adpl _bEnglish |
||
| 082 | _a519.5 | ||
| 245 |
_aBusiness statistics / _cedited by Pankaj Mehra |
||
| 260 |
_aNew Delhi _bOmega Publications _c2008 |
||
| 270 |
_a4398/5, Ansari Road, Daryaganj _bNew Delhi _e110002 |
||
| 300 |
_av, 316p. _c22cm (Hb) |
||
| 500 | _aIncludes index | ||
| 700 | _aMehra, Pankaj | ||
| 942 |
_2ddc _cEN _mBUS _h519.5 |
||
| 999 |
_c16399 _d16399 |
||